000 00743nam a2200241 a 4500
001 54792
003 BD-RjUL
005 20211209080153.0
008 161113r19641958nyua b 001 0 eng
035 _a(BD-RjUL)54914
040 _aDLC
_cDLC
_dDLC
_dUkOxU
_dBD-RjUL
_beng
041 _aeng
082 _223
_a940.2
_bKIW 1964
100 1 _aKirchner, Walther.
_9163893
245 1 0 _aWestern civilization since 1500 /
_cWalther Kirchner.
260 _aNew York :
_bBarnes & Noble,
_cc1958 [printing 1964].
300 _axix, 360 p. :
_bill. ;
_c21 cm.
490 _aCollege outline series
504 _aIncludes index and Bibliography
650 0 _aCivilization, Western.
_9132000
650 0 _aCivilization, Modern.
_9163894
942 _2ddc
_cBK
999 _c54792
_d54792